| 000 | 00918cam a22002657a 4500 | ||
|---|---|---|---|
| 003 | OSt | ||
| 005 | 20151026133602.0 | ||
| 008 | 150626s2015 spc ||||||||| |00 0 cat|d | ||
| 017 |
_aDL B 3903-2015 _bBiblioteca de Catalunya |
||
| 020 | _a9788490647042 | ||
| 040 |
_bcat _cCDMR |
||
| 100 | 1 | _aSureda i Pons, Marc | |
| 245 | 1 | 0 |
_aManual de comunicació per a ajuntaments petits (i no tan petits) _cMarc Sureda i Pons, Lourdes Torres i Plana |
| 260 |
_aBarcelona _bUOC _c2015 |
||
| 300 |
_a121 p. _c21 cm |
||
| 490 | 1 |
_aComunicació ; _v235 |
|
| 500 | _aInclou codis QR per la lectura d'informació adicional | ||
| 650 | 4 |
_aComunicació en l'administració _93870 |
|
| 650 | 0 | 0 |
_aPublicitat _xAdministració pública _9875 |
| 650 | 0 | 0 |
_aRelacions públiques _xAdministració local _92775 |
| 650 | 0 |
_aWeb 2.0 _93137 |
|
| 650 | 0 | 0 |
_93128 _aXarxes socials en línia |
| 700 | 1 | _aTorres i Plana, Lourdes | |
| 942 | _cMON | ||
| 999 |
_c6872 _d6872 |
||